Jazz : (Record no. 211)

MARC details
000 -LEADER
fixed length control field 00583cam a2200229 a 4500
005 - DATE AND TIME OF LATEST TRANSACTION
control field 20260322212010.0
008 - FIXED-LENGTH DATA ELEMENTS--GENERAL INFORMATION
fixed length control field data
010 ## - LIBRARY OF CONGRESS CONTROL NUMBER
LC control number 93038177
020 ## - INTERNATIONAL STANDARD BOOK NUMBER
International Standard Book Number 0679856188
020 ## - INTERNATIONAL STANDARD BOOK NUMBER
International Standard Book Number 9780679856184
040 ## - CATALOGING SOURCE
Original cataloging agency DLC
Transcribing agency DLC
Modifying agency DLC
043 ## - GEOGRAPHIC AREA CODE
Geographic area code n-us---
050 00 - LIBRARY OF CONGRESS CALL NUMBER
Classification number ML385
Item number .M62 1994
082 00 - DEWEY DECIMAL CLASSIFICATION NUMBER
Classification number B
-- B
Edition information 20
092 ## - LOCALLY ASSIGNED DEWEY CALL NUMBER (OCLC)
Classification number 781.65 M62 1994
001 - CONTROL NUMBER
control field data
100 1# - MAIN ENTRY--PERSONAL NAME
Personal name Monceaux, Morgan.
245 10 - TITLE STATEMENT
Title Jazz :
Remainder of title my music, my people /
Statement of responsibility, etc. Morgan Monceaux.
260 ## - PUBLICATION, DISTRIBUTION, ETC.
Place of publication, distribution, etc. New York :
Name of publisher, distributor, etc. Knopf,
Date of publication, distribution, etc. c1994.
300 ## - PHYSICAL DESCRIPTION
Extent 64 p. :
Other physical details ill. ;
Dimensions 29 cm.
650 #0 - SUBJECT ADDED ENTRY--TOPICAL TERM
Topical term or geographic name entry element Jazz musicians
Geographic subdivision United States
General subdivision Biography.
Holdings
Withdrawn status Lost status Damaged status Not for loan Home library Current library Shelving location Date acquired Total checkouts Full call number Barcode Date last seen Price effective from Koha item type
        Pleasant Valley Pleasant Valley General stacks 22/03/2026   781.65/092/2 B 20 BC0010219 22/03/2026 22/03/2026 Books